| 000 | 00848nab a2200253 4500 | ||
|---|---|---|---|
| 003 | BR-BrBNA | ||
| 005 | 20241014215818.0 | ||
| 008 | 241014b bl.||||| |||| 00| 0 por d | ||
| 040 |
_aBR-BrBNA _bpor |
||
| 072 |
_aE71 ; E70 ; H10 _b0810 |
||
| 100 | _aVicentini, Cinthia Antoniali | ||
| 245 |
_aRecorde de embarques em 2003 _bMelão |
||
| 500 | _a1 illus.; 1 graph | ||
| 650 | _aMELÃO | ||
| 650 | _aEXPORTAÇÃO | ||
| 650 | _aMERCADO INTERNO | ||
| 650 | _aMOSCA MINADORA | ||
| 650 | _aPRAGA DE PLANTA | ||
| 650 | _aOFERTA DE PRODUTO REDUZIDA | ||
| 650 | _aCOMERCIALIZAÇÃO | ||
| 773 | 0 |
_04115 _9344980 _dPiracicaba-SP Centro de Estudos Avançados em Economia Aplicada-CEPEA/USP/ESALQ 2002 _o2024-5392 _tHortifruti Brasil (Brazil) _x1981-1837 _gv. 2(19) p. 15; (Nov 2003) _wBR2024003045 |
|
| 942 | _cANA | ||
| 999 |
_c328106 _d328106 |
||